[Event "World Blitz 2023"]
[Site "Samarkand UZB"]
[Date "2023.12.29"]
[EventDate "2023.12.29"]
[Round "6.61"]
[Result "1-0"]
[White "Xiangyu Xu"]
[Black "Ernur Amangeldy"]
[WhiteElo "2491"]
[BlackElo "2144"]
[PlyCount "70"]

1. d4 Nf6 2. c4 g6 3. Nc3 Bg7 4. e4 d6 5. Be2 O-O 6. Be3 e5 7. d5 Nbd7 8.
Nf3 Ng4 9. Bg5 f6 10. Bh4 Nh6 11. Nd2 a5 12. f3 Nc5 13. b3 Qe8 14. a3 g5
15. Bf2 Na6 16. Be3 Qg6 17. g4 Qe8 18. h4 Nf7 19. Nf1 Nh8 20. hxg5 fxg5 21.
Bxg5 Ng6 22. Ng3 Nc5 23. Nf5 Bxf5 24. gxf5 Nf4 25. Kf2 a4 26. b4 Nb3 27.
Rb1 Nd4 28. Qg1 Kh8 29. Qh2 h5 30. Rbg1 c6 31. Bxf4 exf4 32. Qxh5+ Qxh5 33.
Rxh5+ Kg8 34. Rhg5 Rf7 35. f6 1-0

[Event "World Blitz 2023"]
[Site "Samarkand UZB"]
[Date "2023.12.29"]
[EventDate "2023.12.29"]
[Round "6.62"]
[Result "0-1"]
[White "Timur Yonal"]
[Black "Venkataraman Karthik"]
[WhiteElo "1862"]
[BlackElo "2440"]
[PlyCount "60"]

1. e4 c5 2. Nc3 Nc6 3. Bb5 Nd4 4. Bc4 e6 5. Nge2 Nf6 6. O-O a6 7. a4 Nc6 8.
d3 Be7 9. Bb3 O-O 10. f4 d5 11. e5 Ne8 12. Ng3 Rb8 13. Nce2 b5 14. axb5
axb5 15. c3 f5 16. exf6 Nxf6 17. d4 b4 18. Bc2 bxc3 19. bxc3 cxd4 20. cxd4
Nb4 21. Bb1 Bd6 22. Nc3 Qc7 23. Bd2 Ba6 24. Re1 Bxf4 25. Rxe6 Bxg3 26. hxg3
Qxg3 27. Be1 Qf4 28. Rexa6 Nxa6 29. Rxa6 Ng4 30. g3 Qf1# 0-1

[Event "World Blitz 2023"]
[Site "Samarkand UZB"]
[Date "2023.12.29"]
[EventDate "2023.12.29"]
[Round "6.63"]
[Result "1/2-1/2"]
[White "Benjamin Haldorsen"]
[Black "Roman Shogdzhiev"]
[WhiteElo "2405"]
[BlackElo "2117"]
[PlyCount "122"]

1. e4 c5 2. Nc3 d6 3. f4 Nc6 4. Nf3 g6 5. Bc4 Bg7 6. O-O e6 7. d4 cxd4 8.
Nb5 Nge7 9. Bb3 O-O 10. Nbxd4 Nxd4 11. Nxd4 Nc6 12. Be3 a6 13. f5 exf5 14.
exf5 Qb6 15. c3 Nxd4 16. fxg6 hxg6 17. Bxd4 Bxd4+ 18. cxd4 Kg7 19. Qd2 Be6
20. Qf4 Bxb3 21. Qf6+ Kg8 22. Rf4 Qd8 23. axb3 Qxf6 24. Rxf6 Rad8 25. Rc1
Kg7 26. Rf3 Rd7 27. Re3 Rh8 28. g3 Rh5 29. h4 Rd5 30. Re4 f5 31. Rf4 Re7
32. Kf2 Rb5 33. Rc3 Re6 34. g4 fxg4 35. Kg3 Rf5 36. Kxg4 Rxf4+ 37. Kxf4 Re7
38. Kg5 Rf7 39. Re3 Rf5+ 40. Kg4 Rb5 41. Rc3 Kh6 42. Re3 Rb4 43. Rd3 b6 44.
Kf4 Kh5 45. Ke4 Rb5 46. Rg3 Rf5 47. b4 Rb5 48. Rg1 Rxb4 49. Rg5+ Kxh4 50.
Rxg6 Rxb2 51. Rxd6 a5 52. Rd7 a4 53. Ra7 b5 54. d5 Re2+ 55. Kd4 Rd2+ 56.
Kc5 Rb2 57. d6 Rd2 58. Ra5 Rd3 59. Rxa4+ bxa4 60. Kc6 a3 61. d7 1/2-1/2

[Event "World Blitz 2023"]
[Site "Samarkand UZB"]
[Date "2023.12.29"]
[EventDate "2023.12.29"]
[Round "6.64"]
[Result "0-1"]
[White "Abdumajid Botiraliev"]
[Black "Emin Ohanyan"]
[WhiteElo "1515"]
[BlackElo "2387"]
[PlyCount "70"]

1. e4 c5 2. Nf3 e6 3. d4 cxd4 4. Nxd4 Nf6 5. Nc3 Nc6 6. Nxc6 bxc6 7. e5 Nd5
8. Ne4 Qc7 9. f4 Qb6 10. c4 Bb4+ 11. Ke2 Ba6 12. Kf3 f5 13. Ng3 Nc7 14. Be3
Qb7 15. Kf2 Rd8 16. Be2 O-O 17. Qc2 d5 18. exd6 Bxd6 19. Rad1 e5 20. fxe5
Bxe5 21. Rxd8 Rxd8 22. Nxf5 Rf8 23. Bf3 Ne6 24. g3 Qf7 25. g4 Kh8 26. Rf1
g6 27. Nh4 Bf6 28. g5 Bxg5 29. Bxg5 Nxg5 30. Kg2 Qxc4 31. Qd2 Qxf1+ 32. Kg3
Rxf3+ 33. Nxf3 Qxf3+ 34. Kh4 Qh5+ 35. Kg3 Ne4+ 0-1

[Event "World Blitz 2023"]
[Site "Samarkand UZB"]
[Date "2023.12.29"]
[EventDate "2023.12.29"]
[Round "6.65"]
[Result "1-0"]
[White "Artem Uskov"]
[Black "Felix Xie"]
[WhiteElo "2328"]
[BlackElo "2107"]
[PlyCount "116"]

1. e4 c5 2. Nf3 e6 3. d4 cxd4 4. Nxd4 Nf6 5. Nc3 Nc6 6. Ndb5 Bc5 7. Bf4 O-O
8. Bc7 Qe7 9. Bd6 Bxd6 10. Qxd6 Qd8 11. Nc7 Rb8 12. Be2 b5 13. e5 Ne8 14.
Nxe8 b4 15. Ne4 Rxe8 16. O-O Bb7 17. Qc5 Rf8 18. Rfd1 Ne7 19. Nd6 Bd5 20.
Qxa7 Nc6 21. Qe3 f6 22. Bc4 Ne7 23. exf6 Rxf6 24. Bxd5 Nxd5 25. Qg3 Qb6 26.
Nc4 Qb5 27. Ne3 Nf4 28. Kh1 Rbf8 29. f3 Rg6 30. Qf2 d5 31. g3 Nh3 32. Qf1
Qxf1+ 33. Rxf1 Ng5 34. Kg2 Rgf6 35. f4 Ne4 36. a4 Rc8 37. Rfd1 Rf7 38. Rd4
Rb7 39. f5 Kf7 40. fxe6+ Kxe6 41. Rad1 b3 42. c4 Nf6 43. cxd5+ Kd7 44. Nc4
Re8 45. Kf3 Ra7 46. a5 Rc7 47. d6 Rc5 48. Nb6+ Kd8 49. d7 Re6 50. Rc4 Rxc4
51. Nxc4 Rc6 52. Nb6 Rc5 53. a6 Ra5 54. Rc1 Nxd7 55. Rd1 Rxa6 56. Nxd7 Ra2
57. Nc5+ Ke7 58. Rd2 1-0

[Event "World Blitz 2023"]
[Site "Samarkand UZB"]
[Date "2023.12.29"]
[EventDate "2023.12.29"]
[Round "6.66"]
[Result "0-1"]
[White "Kirill Shevchenko"]
[Black "Eldiar Orozbaev"]
[WhiteElo "2603"]
[BlackElo "2236"]
[PlyCount "82"]

1. e4 e6 2. d4 d5 3. e5 c5 4. c3 Nc6 5. Nf3 Qb6 6. Bd3 f6 7. O-O fxe5 8.
Nxe5 Nf6 9. Bg5 Qxb2 10. Nd2 Be7 11. Bxf6 Bxf6 12. Qh5+ Kd8 13. Nf7+ Kc7
14. Nxh8 Qxd2 15. Qxh7 Bd7 16. dxc5 Rxh8 17. Qxh8 Qxd3 18. Qf8 Qxc3 19.
Rab1 Be7 20. Qf4+ e5 21. Qf7 Qxc5 22. Rfc1 Qd6 23. Qxg7 d4 24. Qg3 e4 25.
Qb3 Bc8 26. Re1 Qe5 27. a4 e3 28. fxe3 dxe3 29. Kh1 Bd6 30. Qf7+ Kb8 31.
Qh7 e2 32. Rb5 Qf4 33. Rbb1 Nd4 34. Qh5 a6 35. Rbc1 Bd7 36. a5 Bc6 37. Qh3
Nc2 38. Rg1 Ne3 39. Rxc6 bxc6 40. Rb1+ Ka7 41. Qd7+ Bc7 0-1

[Event "World Blitz 2023"]
[Site "Samarkand UZB"]
[Date "2023.12.29"]
[EventDate "2023.12.29"]
[Round "6.67"]
[Result "0-1"]
[White "Harold Wanyama"]
[Black "Vugar Asadli"]
[WhiteElo "2228"]
[BlackElo "2584"]
[PlyCount "68"]

1. d4 Nf6 2. c4 g6 3. Nc3 Bg7 4. e4 d6 5. f3 O-O 6. Nge2 c5 7. Be3 Nc6 8.
Qd2 Bd7 9. O-O-O cxd4 10. Nxd4 Rc8 11. Kb1 Ne5 12. b3 a6 13. Be2 Re8 14. g4
Qa5 15. g5 Nh5 16. Nd5 Qd8 17. f4 Ng4 18. Bg1 b5 19. cxb5 axb5 20. Nxb5 Rb8
21. a4 h6 22. f5 gxf5 23. exf5 Bxf5+ 24. Ka2 Bd7 25. Bd4 e5 26. Bxg4 Bxg4
27. gxh6 Bxd1 28. Rxd1 exd4 29. hxg7 Qh4 30. Rg1 Re5 31. Nbc7 Qe4 32. Rg5
Rxg5 33. Qxg5 Qc2+ 34. Ka1 Qd1+ 0-1

[Event "World Blitz 2023"]
[Site "Samarkand UZB"]
[Date "2023.12.29"]
[EventDate "2023.12.29"]
[Round "6.68"]
[Result "0-1"]
[White "Miraziz Kuziev"]
[Black "Sabino Brunello"]
[WhiteElo "2196"]
[BlackElo "2573"]
[PlyCount "70"]

1. d4 Nf6 2. c4 e6 3. Nc3 d5 4. cxd5 exd5 5. Bg5 Nbd7 6. e3 c6 7. Bd3 Be7
8. Nge2 O-O 9. O-O Re8 10. Qc2 Nf8 11. Rae1 g6 12. Bh4 b5 13. Rc1 Bd7 14.
Nb1 a5 15. a4 Ne6 16. Nd2 bxa4 17. Nc3 a3 18. b3 c5 19. dxc5 Nxc5 20. Bxf6
Bxf6 21. Nxd5 Nxd3 22. Qxd3 Bb2 23. Rb1 Be6 24. e4 f5 25. f3 fxe4 26. fxe4
Bg7 27. Nc4 a2 28. Ra1 Bxa1 29. Rxa1 Bxd5 30. exd5 Qf6 31. Qd1 Re2 32. Qf1
Qd4+ 33. Kh1 Rf8 34. Qg1 Qxd5 35. Rd1 Rxg2 0-1

[Event "World Blitz 2023"]
[Site "Samarkand UZB"]
[Date "2023.12.29"]
[EventDate "2023.12.29"]
[Round "6.69"]
[Result "0-1"]
[White "Shahruh Turayev"]
[Black "Rustam Khusnutdinov"]
[WhiteElo "2168"]
[BlackElo "2499"]
[PlyCount "126"]

1. e4 d5 2. exd5 Qxd5 3. Nc3 Qa5 4. Nf3 Nf6 5. d4 Bf5 6. Ne5 c6 7. g4 Be6
8. Bg2 Nbd7 9. Nxd7 Bxd7 10. h3 e6 11. Bd2 Qb6 12. Qe2 Bb4 13. O-O-O O-O-O
14. g5 Nd5 15. Ne4 Be7 16. Kb1 Qc7 17. Qf3 f5 18. gxf6 gxf6 19. c4 Nb6 20.
Rc1 e5 21. Nxf6 Rhf8 22. dxe5 Qxe5 23. Nxd7 Rxd7 24. Qe3 Bf6 25. Qxe5 Bxe5
26. Be3 Bd4 27. Rhe1 Bxe3 28. fxe3 Rf2 29. Be4 Rdd2 30. Rc2 Rxc2 31. Bxc2
Nxc4 32. Bxh7 Rxb2+ 33. Ka1 Rf2 34. e4 Ne5 35. Bf5+ Kc7 36. Rh1 Nf3 37. h4
Nd4 38. Bg6 Ne2 39. Kb1 Nc3+ 40. Kc1 Nxa2+ 41. Kb1 Nc3+ 42. Kc1 b5 43. h5
b4 44. Rh3 Na2+ 45. Kb1 Nc3+ 46. Kc1 Ne2+ 47. Kd1 Nf4 48. Rh4 Nxg6 49. hxg6
Rg2 50. Rh7+ Kd6 51. Rxa7 Rxg6 52. Rb7 Kc5 53. Ke2 Kc4 54. Ke3 c5 55. e5
Kc3 56. Ke4 c4 57. Kd5 b3 58. Rc7 Rg4 59. e6 Rd4+ 60. Ke5 Rd1 61. Kf6 b2
62. e7 Rf1+ 63. Kg7 Re1 0-1

[Event "World Blitz 2023"]
[Site "Samarkand UZB"]
[Date "2023.12.29"]
[EventDate "2023.12.29"]
[Round "6.70"]
[Result "1-0"]
[White "Deshun Xiu"]
[Black "Khalil Nafri"]
[WhiteElo "2493"]
[BlackElo "2151"]
[PlyCount "40"]

1. d4 Nf6 2. c4 c6 3. Nc3 d5 4. e3 e6 5. Nf3 Nbd7 6. Qc2 Bd6 7. b3 O-O 8.
Be2 b6 9. O-O Bb7 10. Bb2 Rc8 11. Rad1 Qe7 12. e4 e5 13. Rfe1 Bb8 14. exd5
cxd5 15. dxe5 Ne4 16. Nxd5 Bxd5 17. Rxd5 Nec5 18. Bf1 Rfe8 19. Ba3 Qe6 20.
b4 Na6 1-0

[Event "World Blitz 2023"]
[Site "Samarkand UZB"]
[Date "2023.12.29"]
[EventDate "2023.12.29"]
[Round "6.71"]
[Result "1-0"]
[White "David Akhmedov"]
[Black "Roman Kezin"]
[WhiteElo "2154"]
[BlackElo "2492"]
[PlyCount "78"]

1. e4 c5 2. Nf3 e6 3. d3 Nc6 4. g3 Nf6 5. Bg2 d6 6. O-O Be7 7. c3 O-O 8.
Re1 e5 9. a3 Re8 10. b4 a6 11. Nbd2 h6 12. Bb2 Be6 13. Rb1 Rc8 14. Ba1 b5
15. Nf1 c4 16. dxc4 Bxc4 17. N3d2 Be6 18. Rc1 d5 19. exd5 Bxd5 20. Bxd5
Nxd5 21. c4 bxc4 22. Nxc4 Bf6 23. Qf3 Rc7 24. Nfd2 Bg5 25. Rcd1 Rd7 26. Ne4
Be7 27. Ned6 Bxd6 28. Qxd5 Re6 29. Qxc6 Qe7 30. Nxd6 Rdxd6 31. Rxd6 Rxd6
32. Qc8+ Rd8 33. Qxa6 f6 34. Qc4+ Kh8 35. a4 Rd2 36. a5 Qa7 37. Qc5 Qa8 38.
b5 Qxa5 39. Bc3 1-0

[Event "World Blitz 2023"]
[Site "Samarkand UZB"]
[Date "2023.12.29"]
[EventDate "2023.12.29"]
[Round "6.72"]
[Result "1-0"]
[White "Sumiya Bilguun"]
[Black "David Bogdan"]
[WhiteElo "2407"]
[BlackElo "1880"]
[PlyCount "94"]

1. e4 c5 2. Nc3 Nc6 3. Bb5 Nd4 4. Nf3 Nxb5 5. Nxb5 a6 6. Nc3 e6 7. d4 cxd4
8. Qxd4 d6 9. Bg5 f6 10. Be3 e5 11. Qd3 Ne7 12. O-O-O Nc6 13. Nd5 Kf7 14.
Bb6 Qd7 15. Nc7 Rb8 16. Qb3+ Ke7 17. Kb1 g6 18. Nd5+ Kf7 19. Bc7 Kg7 20.
Bxb8 Nxb8 21. Nb6 Qe6 22. Qxe6 Bxe6 23. Nd2 Nd7 24. Nxd7 Bxd7 25. Nc4 Bc6
26. f3 Be7 27. Nxd6 Bxd6 28. Rxd6 Re8 29. Rhd1 f5 30. exf5 gxf5 31. Kc1 Rc8
32. Re6 Ba4 33. b3 Bc6 34. Rxe5 Kf6 35. Re3 Rg8 36. Rd6+ Kf7 37. g3 f4 38.
gxf4 Rg1+ 39. Rd1 Rg2 40. Rd2 Rg1+ 41. Kb2 Rg6 42. f5 Rg5 43. Re5 Kf6 44.
f4 Rg4 45. Rd6+ Kf7 46. f6 Be8 47. Re7+ Kf8 1-0

[Event "World Blitz 2023"]
[Site "Samarkand UZB"]
[Date "2023.12.29"]
[EventDate "2023.12.29"]
[Round "6.73"]
[Result "1-0"]
[White "Faustino Oro"]
[Black "Raymond Song"]
[WhiteElo "2105"]
[BlackElo "2383"]
[PlyCount "92"]

1. d4 Nf6 2. Nf3 d5 3. c4 e6 4. Nc3 Bb4 5. cxd5 exd5 6. Bg5 h6 7. Bh4 O-O
8. e3 Bf5 9. Bd3 Bxd3 10. Qxd3 Nbd7 11. O-O Be7 12. Rab1 a5 13. a3 c6 14.
h3 Ne8 15. Bg3 Bd6 16. Bxd6 Nxd6 17. b3 Re8 18. Rfc1 Qf6 19. Ne2 g6 20. Nd2
h5 21. Nc3 Kg7 22. a4 Qe7 23. Nf3 Ne4 24. Ne2 Nb6 25. Ne5 Nc8 26. Nf4 Qg5
27. b4 axb4 28. Rxb4 Ncd6 29. Rcb1 Ra7 30. Qc2 Rea8 31. Nexg6 Kh6 32. Ne5
Qf5 33. Ned3 Rg8 34. Nc5 b5 35. axb5 cxb5 36. Nxe4 dxe4 37. Qc6 Qf6 38.
Rxb5 Rg5 39. Rxg5 Kxg5 40. Rb6 Ra1+ 41. Kh2 Ne8 42. Qd5+ Qf5 43. h4+ Kg4
44. f3+ exf3 45. gxf3+ Kxh4 46. Qxf5 1-0

[Event "World Blitz 2023"]
[Site "Samarkand UZB"]
[Date "2023.12.29"]
[EventDate "2023.12.29"]
[Round "6.74"]
[Result "0-1"]
[White "Sergey Sklokin"]
[Black "Daniyal Sapenov"]
[WhiteElo "1995"]
[BlackElo "2289"]
[PlyCount "108"]

1. e4 c5 2. Nf3 d6 3. Be2 Nf6 4. d3 g6 5. O-O Bg7 6. Nc3 O-O 7. Be3 Nc6 8.
Nd2 Nd4 9. f4 Nxe2+ 10. Qxe2 Ng4 11. Kh1 Nxe3 12. Qxe3 Rb8 13. a4 Bd7 14.
f5 Bc6 15. Qh3 d5 16. Nxd5 Bxd5 17. exd5 Qxd5 18. Rae1 Rbe8 19. Ne4 f6 20.
c4 Qc6 21. Nc3 gxf5 22. Rxf5 e6 23. Rh5 f5 24. Rxh7 Rf6 25. Qh5 Ref8 26. h3
Qe8 27. Qxe8 Rxe8 28. Rh4 Rd8 29. Re3 Rg6 30. Ne2 Rd6 31. Nf4 Rh6 32. Rxh6
Bxh6 33. g3 Kf7 34. Rf3 Rb6 35. g4 Rxb2 36. gxf5 exf5 37. Nd5 Ke6 38. h4
Ke5 39. Rf1 f4 40. h5 Kf5 41. Rg1 f3 42. Rf1 Kg4 43. Nf6+ Kf4 44. Ne4 b6
45. Kg1 Ke3 46. Re1+ Kxd3 47. Nf2+ Kxc4 48. Ng4 Rg2+ 49. Kh1 Rxg4 50. a5
Rh4+ 51. Kg1 Rxh5 52. axb6 axb6 53. Re4+ Kd3 54. Re6 Be3+ 0-1

[Event "World Blitz 2023"]
[Site "Samarkand UZB"]
[Date "2023.12.29"]
[EventDate "2023.12.29"]
[Round "6.75"]
[Result "0-1"]
[White "Nikolay Tregubenko"]
[Black "Nikolay Averin"]
[WhiteElo "1955"]
[BlackElo "2283"]
[PlyCount "132"]

1. e4 Nf6 2. e5 Nd5 3. d4 d6 4. c4 Nb6 5. f4 Bf5 6. Nc3 e6 7. Be3 Be7 8.
Nf3 O-O 9. Be2 dxe5 10. fxe5 Nc6 11. O-O f6 12. exf6 Bxf6 13. Qd2 Qd7 14.
Rad1 Rad8 15. Kh1 h6 16. b3 Qe7 17. Qe1 Nb4 18. Qf2 Bg4 19. Rd2 Nc6 20. Ne4
Bf5 21. Nxf6+ Qxf6 22. Qg3 Rd7 23. Rfd1 Rfd8 24. Ne5 Nxe5 25. dxe5 Qg6 26.
Qxg6 Bxg6 27. Bf3 Rxd2 28. Rxd2 Rxd2 29. Bxd2 c6 30. Bd1 Nd7 31. Bc3 Bb1
32. a3 Kf7 33. Bh5+ Bg6 34. Bf3 Bc2 35. b4 Bd3 36. b5 cxb5 37. cxb5 b6 38.
Bc6 Nc5 39. Kg1 Na4 40. Bd4 Kg6 41. Kf2 Kf5 42. Ke3 Bb1 43. h3 Kg6 44. g4
Kf7 45. h4 Ke7 46. Kf4 Bg6 47. Ke3 Bc2 48. Kd2 Bg6 49. Ke3 Kd8 50. h5 Bc2
51. Kd2 Bh7 52. Ke3 Kc7 53. Kd2 Nc5 54. Ke3 Nb3 55. Bb2 Na5 56. Bf3 Nc4+
57. Kd4 Nxb2 58. Kc3 Na4+ 59. Kb4 Nc5 60. a4 Nd3+ 61. Kc3 Nxe5 62. Be2 Kd6
63. Kd4 Bc2 64. a5 bxa5 65. Kc3 Be4 66. Kd4 Bf3 0-1

[Event "World Blitz 2023"]
[Site "Samarkand UZB"]
[Date "2023.12.29"]
[EventDate "2023.12.29"]
[Round "6.76"]
[Result "0-1"]
[White "Mohamed Tissir"]
[Black "Akmal Fayzullaev"]
[WhiteElo "2458"]
[BlackElo "2342"]
[PlyCount "74"]

1. e4 c6 2. d4 d5 3. Nc3 dxe4 4. Nxe4 Nf6 5. Ng3 h5 6. h3 h4 7. N3e2 Bf5 8.
Nf3 e6 9. Nf4 Bd6 10. Bd3 Bxd3 11. Nxd3 Nbd7 12. O-O Qc7 13. c4 Nh5 14. Qd2
O-O-O 15. b4 Ndf6 16. a4 Ne4 17. Qc2 f5 18. b5 g5 19. c5 Bf4 20. Nxf4 Nxf4
21. b6 axb6 22. cxb6 Qxb6 23. Bxf4 gxf4 24. Rfb1 Qa6 25. a5 Rd7 26. Rb6 Qa7
27. Qb3 Rg8 28. a6 Rdg7 29. Qxe6+ Kd8 30. Rb2 Rxg2+ 31. Kf1 R2g6 32. Qxf5
Nd6 33. Qa5+ b6 34. Rxb6 Ke7 35. Re1+ Kf8 36. Qc5 Qa8 37. a7 0-1

[Event "World Blitz 2023"]
[Site "Samarkand UZB"]
[Date "2023.12.29"]
[EventDate "2023.12.29"]
[Round "6.77"]
[Result "0-1"]
[White "O`gorman, Tom"]
[Black "Gallego Alcaraz, Andres Felipe"]
[WhiteElo "2288"]
[BlackElo "2384"]
[PlyCount "86"]

1. d4 Nf6 2. c4 g6 3. Nc3 Bg7 4. e4 d6 5. Be2 O-O 6. Be3 Nbd7 7. Nf3 e5 8.
d5 Ng4 9. Bg5 f6 10. Bc1 Nh6 11. O-O Nf7 12. b4 c5 13. a3 Bh6 14. Ne1 Bxc1
15. Qxc1 Kh8 16. Nd3 b6 17. g3 Qe7 18. Qb2 Ba6 19. b5 Bc8 20. f4 Re8 21.
Rf2 exf4 22. gxf4 Qf8 23. Kh1 Qg7 24. f5 g5 25. Rg1 Qh6 26. Nd1 Nde5 27.
Ne3 Nxd3 28. Bxd3 Ne5 29. Ng4 Nxd3 30. Nxh6 Nxb2 31. Rxb2 Kg7 32. Ng4 Rxe4
33. Rf2 Bd7 34. h4 h6 35. Rf3 Rae8 36. hxg5 hxg5 37. Kh2 Rxc4 38. Nf2 Rd4
39. Rd3 Rxd3 40. Nxd3 Bxf5 41. Nf4 Rh8+ 42. Kg3 gxf4+ 43. Kxf4+ Bg6 0-1

[Event "World Blitz 2023"]
[Site "Samarkand UZB"]
[Date "2023.12.29"]
[EventDate "2023.12.29"]
[Round "6.78"]
[Result "0-1"]
[White "Mustafokhuja Khusenkhojaev"]
[Black "Jamshid Mustafaev"]
[WhiteElo "2082"]
[BlackElo "2323"]
[PlyCount "166"]

1. d4 Nf6 2. Nf3 g6 3. c4 Bg7 4. Nc3 O-O 5. g3 d6 6. Bg2 Nbd7 7. O-O e5 8.
e4 exd4 9. Nxd4 Re8 10. Qc2 Nc5 11. Rd1 a5 12. h3 Nfd7 13. Be3 c6 14. b3
Qe7 15. Rd2 Nf6 16. f3 Nfd7 17. Re1 Nf8 18. f4 h5 19. Bf2 Qf6 20. Nde2 h4
21. e5 Qf5 22. Qxf5 Bxf5 23. g4 Bd3 24. Red1 Bxe2 25. Nxe2 Nce6 26. Rxd6 a4
27. b4 a3 28. Bxh4 g5 29. fxg5 Bxe5 30. R6d3 Ra4 31. Rb1 Nf4 32. Nxf4 Bxf4
33. b5 Rxc4 34. bxc6 bxc6 35. Rxa3 Rc2 36. Re1 Rxe1+ 37. Bxe1 Bxg5 38. Ra8
Rc1 39. Kf1 Bh4 40. Re8 Kg7 41. Re4 Ne6 42. a4 Nf4 43. Bf3 Nd3 44. g5 Bxe1
45. Ke2 Nc5 46. Re7 Bh4 47. Rc7 Ne6 48. Ra7 Bxg5 49. Bg4 Nd4+ 50. Kd3 Ra1
51. Kxd4 c5+ 52. Kc4 Be3 53. Be6 Kf6 54. Bxf7 Rc1+ 55. Kd3 Bd4 56. a5 Rc3+
57. Kd2 Rxh3 58. Bc4 Rc3 59. Bb5 Rb3 60. Rb7 c4 61. a6 Rb2+ 62. Kc1 c3 63.
Bd3 Ra2 64. Kb1 Ra5 65. Kc2 Ke5 66. Kb3 Ra1 67. Rb5+ Kf4 68. Rb4 Ke3 69.
Bc2 Rxa6 70. Rb7 Kd2 71. Bf5 Ra5 72. Bg6 Rc5 73. Rh7 Be5 74. Rh2+ Ke3 75.
Rh3+ Kd2 76. Rh5 Rb5+ 77. Kc4 Rb6 78. Rxe5 Rxg6 79. Rd5+ Kc2 80. Rh5 Rg4+
81. Kb5 Kb2 82. Rh2+ c2 83. Rf2 0-1

[Event "World Blitz 2023"]
[Site "Samarkand UZB"]
[Date "2023.12.29"]
[EventDate "2023.12.29"]
[Round "6.79"]
[Result "0-1"]
[White "Danis Kuandykuly"]
[Black "Rojas Salas, Steven"]
[WhiteElo "1718"]
[BlackElo "2210"]
[PlyCount "56"]

1. e4 c5 2. Nf3 e6 3. d4 cxd4 4. Nxd4 a6 5. Nc3 b5 6. g3 Bb7 7. Bg2 Nc6 8.
O-O Bc5 9. Nxc6 Bxc6 10. Qg4 Kf8 11. e5 Qc7 12. Bf4 Ne7 13. Ne4 Bxe4 14.
Bxe4 Rc8 15. Rad1 Nc6 16. Qh5 Kg8 17. c3 g6 18. Qg4 Be7 19. Bxc6 Qxc6 20.
Rd3 h5 21. Qe2 h4 22. Rfd1 Rc7 23. Qd2 Kg7 24. Rxd7 h3 25. f3 Rxd7 26. Qxd7
Bc5+ 27. Kf1 Qxf3+ 28. Ke1 Qf2# 0-1

[Event "World Blitz 2023"]
[Site "Samarkand UZB"]
[Date "2023.12.29"]
[EventDate "2023.12.29"]
[Round "7.1"]
[Result "1/2-1/2"]
[White "Magnus Carlsen"]
[Black "Vladislav Artemiev"]
[WhiteElo "2887"]
[BlackElo "2799"]
[PlyCount "48"]

1. e4 e5 2. Nf3 Nc6 3. Bb5 a6 4. Ba4 Nf6 5. O-O Be7 6. Re1 b5 7. Bb3 O-O 8.
c3 d5 9. exd5 Nxd5 10. d4 exd4 11. cxd4 Bf6 12. Nc3 Nxc3 13. bxc3 Bf5 14.
h3 Na5 15. Ba3 Re8 16. Qd2 Nxb3 17. axb3 Qd5 18. Qf4 Rxe1+ 19. Rxe1 Be6 20.
b4 Qb3 21. Qc1 Qd5 22. Qf4 Qb3 23. Qc1 Qd5 24. Qf4 Qb3 1/2-1/2

[Event "World Blitz 2023"]
[Site "Samarkand UZB"]
[Date "2023.12.29"]
[EventDate "2023.12.29"]
[Round "7.2"]
[Result "1/2-1/2"]
[White "Anish Giri"]
[Black "Ian Nepomniachtchi"]
[WhiteElo "2731"]
[BlackElo "2795"]
[PlyCount "58"]

1. d4 Nf6 2. c4 e6 3. Nf3 d5 4. Nc3 c5 5. cxd5 cxd4 6. Qxd4 exd5 7. Bg5 Be7
8. e3 O-O 9. Be2 h6 10. Bxf6 Bxf6 11. Qd2 Be6 12. Rd1 Nc6 13. Nxd5 Bxd5 14.
Qxd5 Bxb2 15. O-O Qe7 16. Qb3 Bf6 17. Rd5 Rad8 18. Rfd1 Rxd5 19. Rxd5 Rd8
20. g3 Rxd5 21. Qxd5 Qe6 22. Qxe6 fxe6 23. a4 Kf7 24. Nd2 Ke7 25. f4 b6 26.
Kf2 Nb4 27. Ne4 Nd5 28. Bc4 Nc3 29. Nxc3 1/2-1/2

[Event "World Blitz 2023"]
[Site "Samarkand UZB"]
[Date "2023.12.29"]
[EventDate "2023.12.29"]
[Round "7.7"]
[Result "1-0"]
[White "Vachier-Lagrave, Maxime"]
[Black "Shamsiddin Vokhidov"]
[WhiteElo "2748"]
[BlackElo "2588"]
[PlyCount "100"]

1. e4 c5 2. Nf3 e6 3. b3 Nc6 4. Bb2 a6 5. c4 Nf6 6. e5 Ng4 7. h3 Nh6 8. g3
Nf5 9. Bg2 Qc7 10. O-O Be7 11. Re1 O-O 12. Nc3 Nfd4 13. Nxd4 cxd4 14. Ne2
Bc5 15. a3 Nxe5 16. Bxd4 Nd3 17. Rf1 Bxd4 18. Nxd4 Rb8 19. Qe2 Ne5 20. Rac1
Nc6 21. Qe3 Qd6 22. Nc2 b5 23. c5 Qc7 24. d4 Bb7 25. d5 exd5 26. Rfe1 Nd8
27. Nb4 Ne6 28. Nxd5 Bxd5 29. Bxd5 Rfe8 30. b4 g6 31. h4 Re7 32. Qc3 Rbe8
33. Qf6 Qd8 34. Re3 Nc7 35. Ba2 Rxe3 36. Qxf7+ Kh8 37. fxe3 Rxe3 38. Qf4
Qe7 39. Rf1 Re1 40. Qd4+ Qe5 41. Qxe5+ Rxe5 42. Rf8+ Kg7 43. Rf7+ Kh8 44.
Rxd7 Re2 45. Bf7 Ne6 46. c6 Nf8 47. c7 Rc2 48. Re7 Kg7 49. Bb3+ Kh6 50.
Bxc2 1-0

[Event "World Blitz 2023"]
[Site "Samarkand UZB"]
[Date "2023.12.29"]
[EventDate "2023.12.29"]
[Round "7.9"]
[Result "1-0"]
[White "Alexey Sarana"]
[Black "Vladislav Kovalev"]
[WhiteElo "2707"]
[BlackElo "2539"]
[PlyCount "78"]

1. d4 Nf6 2. c4 e6 3. Nc3 Bb4 4. e3 O-O 5. Bd3 d5 6. Nf3 b6 7. O-O Ba6 8.
cxd5 exd5 9. Ne5 Bxd3 10. Nxd3 Bd6 11. f3 Re8 12. e4 c5 13. dxc5 bxc5 14.
exd5 Nbd7 15. Bf4 Qb8 16. Bxd6 Qxd6 17. Nf2 Nb6 18. Nfe4 Qe5 19. Nxf6+ Qxf6
20. Qd3 Qd4+ 21. Qxd4 cxd4 22. Nb5 Nxd5 23. Nxd4 Rab8 24. Rf2 g6 25. Rd2
Nf4 26. Rad1 a5 27. g3 Ne6 28. Nc6 Rb5 29. b3 Ra8 30. Rd5 Rxd5 31. Rxd5 a4
32. b4 a3 33. Ra5 Re8 34. Rxa3 Ng5 35. h4 Ne6 36. b5 Kg7 37. b6 Nc5 38. Ra5
Nb7 39. Ra7 1-0

[Event "World Blitz 2023"]
[Site "Samarkand UZB"]
[Date "2023.12.29"]
[EventDate "2023.12.29"]
[Round "7.10"]
[Result "0-1"]
[White "Denis Makhnev"]
[Black "Sarin Nihal"]
[WhiteElo "2528"]
[BlackElo "2689"]
[PlyCount "110"]

1. d4 d5 2. c4 c6 3. Nf3 Nf6 4. e3 Bg4 5. h3 Bxf3 6. Qxf3 e6 7. Nc3 Nbd7 8.
cxd5 exd5 9. Bd3 Bd6 10. Bd2 Qe7 11. a3 O-O 12. O-O Rae8 13. Qe2 Ne4 14.
Nxe4 dxe4 15. Bc2 g6 16. f3 exf3 17. Rxf3 f5 18. b4 Nf6 19. b5 c5 20. Qc4+
Kg7 21. Bc3 Rc8 22. Rd1 cxd4 23. Qxd4 Rfd8 24. Bd3 Bh2+ 25. Kxh2 Rxd4 26.
Bxd4 Kh6 27. g4 Ne4 28. gxf5 Qc7+ 29. Kg2 gxf5 30. Bxe4 Rg8+ 31. Kh1 fxe4
32. Rf6+ Rg6 33. Rg1 Rxf6 34. Bxf6 Qd7 35. Bg5+ Kg6 36. Kh2 Qxb5 37. Bf4+
Kf7 38. Rd1 Qb2+ 39. Kg3 Ke8 40. a4 Qg7+ 41. Kf2 Qb2+ 42. Kg3 Qc2 43. Rd4
b6 44. h4 h5 45. Bg5 a6 46. Kf4 b5 47. axb5 axb5 48. Rxe4+ Kf7 49. Re7+ Kf8
50. Rb7 Qc6 51. Rh7 b4 52. e4 b3 53. Rh8+ Kf7 54. e5 b2 55. Rh7+ Kg8 0-1

[Event "World Blitz 2023"]
[Site "Samarkand UZB"]
[Date "2023.12.29"]
[EventDate "2023.12.29"]
[Round "7.11"]
[Result "1-0"]
[White "AR Saleh Salem"]
[Black "M Amin Tabatabaei"]
[WhiteElo "2668"]
[BlackElo "2573"]
[PlyCount "102"]

1. d4 Nf6 2. c4 e6 3. Nf3 h6 4. g3 Bb4+ 5. Bd2 Be7 6. Bg2 O-O 7. O-O d5 8.
Qc2 c6 9. Rd1 Nbd7 10. b3 a5 11. Nc3 b6 12. e4 Ba6 13. e5 Nh7 14. h4 Rc8
15. Bf1 f5 16. exf6 Rxf6 17. Nh2 e5 18. Be3 exd4 19. Bxd4 Rf8 20. cxd5 Bxf1
21. Nxf1 cxd5 22. Ne3 Nhf6 23. Qe2 Nc5 24. Ncxd5 Nxd5 25. Nxd5 Qxd5 26.
Qxe7 Rf7 27. Qe5 Qf3 28. Qe3 Qf5 29. Rac1 Rcf8 30. Bxc5 bxc5 31. Rd2 Rc8
32. Rdc2 Rfc7 33. Rc4 Kh8 34. Rf4 Qd5 35. Qc3 a4 36. Rxa4 Rf7 37. Rf4 Rxf4
38. gxf4 Qe4 39. Qe3 Qg6+ 40. Qg3 Qa6 41. a4 Qe2 42. Rc3 Rd8 43. Rc1 Rd3
44. Qg2 Rxb3 45. Rxc5 Qd1+ 46. Kh2 Qd4 47. Rf5 Rb2 48. Kg3 Rb3+ 49. f3 Rb1
50. Rf8+ Kh7 51. Qc2+ 1-0